A Hat in Time all Missons - Statistics

General Stats
  • This quiz has been taken 10 times
  • The average score is 60 of 95
Answer Stats
Answer % Correct
Alpine Skyline Rift
100%
Award Ceremony
100%
Barrel Battle
100%
Bluefin Tunnel
100%
Contractual Obligations
100%
Dead Bird Studio
100%
Dead Bird Studio Rift
100%
Down with the Mafia!
100%
Free Roam (Alpine Skyline)
100%
Free Roam (Nyakuza Metro) (Main Station)
100%
Mail Delivery Service
100%
Murder on the Owl Express
100%
Picture Perfect
100%
Pink Paw Station
100%
Rush Hour
100%
Sewers Rift
100%
Ship Shape
100%
The Big Parade
100%
The Birdhouse Peak
100%
The Finale
100%
The Golden Vault
100%
The Illness has Spread
100%
The Lava Cake Peak
100%
The Owl Express Rift
100%
The Subcon Well
100%
The Twilight Bell Peak
100%
The Windmill Peak
100%
Train Rush
100%
Twilight Bell Rift
100%
Welcome to Mafia Town
100%
Your Contract has Expired
100%
10 Seconds Until Self-Destruct
67%
Balcony Rift
67%
Bazaar Rift
67%
Bon Voyage!
67%
Boss Rush
67%
Cheating the Race
67%
Curly Tail Trail Rift
67%
Green Clean Manhole
67%
Green Clean Station
67%
Heating Up Mafia Town
67%
Mafia of Cooks Rift
67%
Pink Paw Manhole
67%
Pipe Rift
67%
Quality Time with Snatcher
67%
Queen Vanessa‘s Manor
67%
Rock the Boat
67%
Rumbi Factory Rift
67%
She Came from Outerspace
67%
Sleepy Subcon Rift
67%
Snatcher‘s Hit List
67%
The Illness has Speedrun
67%
The Moon Rift
67%
Toilet of Doom
67%
Village Rift
67%
Wound-Up Windmill
67%
Yellow Overpass Manhole
67%
Yellow Overpass Station
67%
Alpine Skyline Rift Collapse
33%
Beat the Heat
33%
Breaching the Contract
33%
Camera Tourist
33%
Collect-a-thon
33%
Cruisin‘ for a Bruisin‘
33%
Dead Bird Studio Rift Collapse
33%
Deep Sea Rift
33%
Deep Sea Rift Collapse
33%
Encore! Encore!
33%
Gallery Rift
33%
Killing Two Birds
33%
Mafia of Cooks Rift Collapse
33%
Mafia‘s Jumps
33%
No More Bad Guys
33%
Rhythm Jump Studio Community Rift
33%
Seal the Deal
33%
Security Breach
33%
She Speedran from Outerspace
33%
Sleepy Subcon Rift Collapse
33%
Snatcher Coins in Alpine Skyline
33%
Snatcher Coins in Battle of the Birds
33%
Snatcher Coins in Mafia Town
33%
Snatcher Coins in Nyakuza Metro
33%
Snatcher Coins in Subcon Forest
33%
So You‘re Back From Outer Space
33%
Speedrun Well
33%
The Great Big Hootenanny
33%
The Mountain Rift Community Rift
33%
Tour Rift
33%
Twilight Travels Community Rift
33%
Vault Codes in the Wind
33%
Zero Jumps
33%
Bird Sancturary
0%
Hat Kid‘s Spaceship
0%
The Mustage Gauntlet
0%
Vanessa‘s Curse
0%
No matching quizzes found
Score Distribution
Percent of People with Each Score
Percentile by Number Answered
Your Score History
You have not taken this quiz